Abstract analytic number theory
Αποθηκεύτηκε σε:
| Κύριος συγγραφέας: | |
|---|---|
| Μορφή: | Βιβλίο |
| Γλώσσα: | English |
| Δημοσίευση: |
New York :
Dover Publications,
1990
|
| Θέματα: | |
| Ετικέτες: |
Προσθήκη ετικέτας
Δεν υπάρχουν, Καταχωρήστε ετικέτα πρώτοι!
|
MARC
| LEADER | 00000nam a2200000 i 4500 | ||
|---|---|---|---|
| 001 | 1/90035 | ||
| 008 | 990920s1990 eng d | ||
| 020 | |a 0-486-66344-2 | ||
| 035 | |l 10052949 | ||
| 040 | |a GR-MY-UA |b gre |e aacr | ||
| 041 | 0 | |a eng | |
| 082 | 0 | |a 512.7 | |
| 100 | 1 | |a Knopfmacher, John. | |
| 245 | 1 | 0 | |a Abstract analytic number theory / |c John Knopfmacher |
| 260 | |a New York : |b Dover Publications, |c 1990 | ||
| 300 | |a xi, 336 p.; |c 22 cm. | ||
| 504 | |a Includes bibliographical references (p. [297]-331) and index. | ||
| 650 | 0 | 0 | |a Number theory. |
| 852 | |a INST |b SAMOS |e 19990920 |h 512.7 KNO |p 005300018339 |q 005300018339 |t BK |y 0 | ||
| 901 | |a BIBL3-1999-3 | ||
| 909 | |a Σ |b 068130 | ||
| 922 | |a 3ΕΛΗ |b 199908 |c ΚΠΣ |d GLORY | ||
| 950 | |a 116-1998-08-10 | ||
| 970 | |a ΚΟΣΙΕΡΗΣ |b ΧΡΗΣΤΟΣ |z 1999/09/20 | ||